BIBLIOTECA “JULIO CORTÁZAR”
ESCUELA AGROTÉCNICA “LIBERTADOR GENERAL SAN MARTÍN” - UNR – CASILDA

Logo Escuela Logo UNR

Le tabac : (Record no. 3237)

MARC details
000 -LEADER
campo de control de longitud fija 00783nam#a22002775a#4500
001 - NÚMERO DE CONTROL
campo de control 3237
003 - IDENTIFICADOR DE NÚMERO DE CONTROL
campo de control AR-ClEAG
005 - FECHA Y HORA DE LA ÚLTIMA TRANSACCIÓN
campo de control 20250404151723.0
008 - DATOS DE LONGITUD FIJA--INFORMACIÓN GENERAL
campo de control de longitud fija 130814s1900####fr#a###f######001#0#fre#d
040 ## - FUENTE DE CATALOGACIÓN
Centro catalogador/agencia de origen AR-ClEAG
Lengua de catalogación Español; Castellano
Centro/agencia transcriptor AR-ClEAG
041 1# - CÓDIGO DE IDIOMA
Código de lengua del texto/banda sonora o título independiente Español; Castellano
080 ## - NÚMERO DE LA CLASIFICACIÓN DECIMAL UNIVERSAL
Número de la Clasificación Decimal Universal 663.97
084 ## - OTRO NÚMERO DE CLASIFICACIÓN
Número de clasificación L29
100 1# - ENTRADA PRINCIPAL--NOMBRE DE PERSONA
Nombre de persona Laurent, L.
245 10 - MENCIÓN DEL TÍTULO
Título Le tabac :
Resto del título sa culture et sa préparation /
Mención de responsabilidad, etc. L. Laurent.
250 ## - MENCION DE EDICION
Mención de edición 1ª ed.
260 ## - PUBLICACIÓN, DISTRIBUCIÓN, ETC.
Lugar de publicación, distribución, etc. Paris :
Nombre del editor, distribuidor, etc. Augustin Challamel,
Fecha de publicación, distribución, etc. 1900.
300 ## - DESCRIPCIÓN FÍSICA
Extensión 337 p. ;
Dimensiones 24 cm.
500 ## - NOTA GENERAL
Nota general Obra perteneciente a la Colección Histórica de la Biblioteca "Julio Cortázar".
653 ## - TÉRMINO DE INDIZACIÓN--NO CONTROLADO
Término no controlado Tabaco
653 ## - TÉRMINO DE INDIZACIÓN--NO CONTROLADO
Término no controlado Tabaco - historia
653 ## - TÉRMINO DE INDIZACIÓN--NO CONTROLADO
Término no controlado Industria
653 ## - TÉRMINO DE INDIZACIÓN--NO CONTROLADO
Término no controlado Comercio
942 ## - ELEMENTOS DE ENTRADA SECUNDARIOS (KOHA)
Tipo de ítem Koha Libros
Fuente del sistema de clasificación o colocación Clasificación decimal universal
980 ## - EQUIVALENCIA O REFERENCIA-CRUZADA-MENCIÓN DE SERIE--NOMBRE DE PERSONA/TÍTULO [LOCAL, CANADÁ]
Enlace 2
Nombre de persona Evangelina Gallicchio
Enlace entre campo y número de secuencia 2
Información miscelánea Evangelina Gallicchio
Holdings
Estatus retirado Estado de pérdida Fuente del sistema de clasificación o colocación Estado de daño No para préstamo Colección Biblioteca de origen Biblioteca actual Ubicación en estantería Fecha de adquisición Número de inventario Total de préstamos Signatura topográfica completa Código de barras Visto por última vez Precio de reemplazo Tipo de ítem Koha
    Clasificación decimal universal     Obra perteneciente a la Colección Histórica de la Biblioteca "Julio Cortázar" Julio Cortázar Julio Cortázar Obra perteneciente a la Colección Histórica de la Biblioteca "Julio Cortázar" 19/11/2024 3908   R26 663.97 L29 Ej.1 3908 19/11/2024 19/11/2024 Libros

Contacto

Biblioteca Julio Cortázar. Escuela Agrotécnica "Libertador San Martín". Universidad Nacional de Rosario
Dirección: Ov. Lagos 1000 - 2170 Casilda - Santa Fe - Argentina
Tel: (54) (03464) 422226.
Fax: (54) (03464) 427789.
E-Mail: biblio-eac@unr.edu.ar